Star Trek Enterprise - Statistics

General Stats
  • This quiz has been taken 432 times
    428 since last reset
  • The average score is 11 of 18
Answer Stats
Hint Answer % Correct
What species was the science officer? Vulcan
92%
What was Trips job on Enterprise? Engineer
86%
How many wives does the doctor have? 3
85%
The ships captain. Jonathan Archer
83%
Who was the ships science officer? T'Pol
82%
What type of dog was on board? Beagle
80%
What was the doctors name? Dr. Phlox
79%
What was the dogs name? Porthos
75%
How does this Andorian refer to humans? Pink-skins
71%
What species was the ships doctor? Denobulan
64%
What was Trips real name? Charles Tucker III
62%
Who is the Andorian who doesn't like being in debt to anyone? Thy'lek Shran
57%
What was the name of the area of space with many spatial anomalies? Delphic Expanse
48%
Which of the ships crew has a black belt in Aikido? Hoshi Sato
48%
What species were genetically enhanced? Suliban
39%
Who is the Vulcan ambassador to Earth? Ambassador Soval
33%
What was the name of Trips clone, used to save his life? Sim
26%
What substance was the science officer addicted to? Trellium-D
26%
No matching quizzes found
Score Distribution
Percent of People with Each Score
Percentile by Number Answered
Your Score History
You have not taken this quiz since the last reset